<?xml version="1.0" encoding="UTF-8"?>
<record
    xmlns:xsi="http://www.w3.org/2001/XMLSchema-instance"
    xsi:schemaLocation="http://www.loc.gov/MARC21/slim http://www.loc.gov/standards/marcxml/schema/MARC21slim.xsd"
    xmlns="http://www.loc.gov/MARC21/slim">

  <leader>01361nam a2200253 i 4500</leader>
  <controlfield tag="001">165409</controlfield>
  <controlfield tag="003">ES-MaACL</controlfield>
  <controlfield tag="005">20251014063241.0</controlfield>
  <controlfield tag="008">940202s1860    sp           |||| | spa d</controlfield>
  <datafield tag="040" ind1=" " ind2=" ">
    <subfield code="a">AS </subfield>
    <subfield code="b">spa</subfield>
  </datafield>
  <datafield tag="100" ind1="1" ind2=" ">
    <subfield code="a">Simonet, Francisco Javier, </subfield>
    <subfield code="d">1829-1897</subfield>
    <subfield code="9">106570</subfield>
  </datafield>
  <datafield tag="245" ind1="1" ind2="0">
    <subfield code="a">Descripci&#xF3;n del reino de Granada bajo la dominaci&#xF3;n de los naseritas</subfield>
    <subfield code="b">: sacada de los autores &#xE1;rabes y seguida del texto in&#xE9;dito de Mohammed ebn Aljathib / </subfield>
    <subfield code="c">por Francisco Javier Simonet.</subfield>
  </datafield>
  <datafield tag="260" ind1=" " ind2=" ">
    <subfield code="a">Madrid : </subfield>
    <subfield code="b">[s.n.], </subfield>
    <subfield code="c">1860 (</subfield>
    <subfield code="f">Imp. Nacional)</subfield>
  </datafield>
  <datafield tag="300" ind1=" " ind2=" ">
    <subfield code="a">214, [10], 30 p., [1] h. pleg. ; </subfield>
    <subfield code="c">24 cm.</subfield>
  </datafield>
  <datafield tag="500" ind1=" " ind2=" ">
    <subfield code="a">Texto &#xE1;rabe de la obra Ibn Arljatib, contenida en el c&#xF3;dice 554 de los mss. &#xE1;rabes de la Biblioteca del Escorial, colecci&#xF3;n de varios op&#xFA;sculos de dicho autor titulada "El justo peso de la experiencia" en la que se contienen descripciones geogr&#xE1;ficas varias y entre ellas la del reino de Granada.</subfield>
  </datafield>
  <datafield tag="594" ind1=" " ind2=" ">
    <subfield code="a">Texto en &#xE1;rabe anexo al final de la obra.</subfield>
  </datafield>
  <datafield tag="596" ind1=" " ind2=" ">
    <subfield code="a">&#xDA;ltima secuencia de paginaci&#xF3;n en caracteres &#xE1;rabes.</subfield>
  </datafield>
  <datafield tag="650" ind1="0" ind2="4">
    <subfield code="a">Granada (Reino)-</subfield>
    <subfield code="x">Descripci&#xF3;n.</subfield>
    <subfield code="9">136197</subfield>
  </datafield>
  <datafield tag="650" ind1="0" ind2="4">
    <subfield code="a">Granada-</subfield>
    <subfield code="x">Historia-</subfield>
    <subfield code="y">&#xC9;poca musulmana, 711-1492.</subfield>
    <subfield code="9">136198</subfield>
  </datafield>
  <datafield tag="700" ind1="1" ind2=" ">
    <subfield code="a">Ibn al-Hatib, Muhammad ibn 'Abd All&#xE2;h, </subfield>
    <subfield code="d">1313-1375</subfield>
    <subfield code="9">162300</subfield>
  </datafield>
  <datafield tag="852" ind1=" " ind2=" ">
    <subfield code="a">ES-MaACL</subfield>
    <subfield code="j">F-5418 </subfield>
    <subfield code="z">-- Enc. hol.</subfield>
  </datafield>
  <datafield tag="999" ind1=" " ind2=" ">
    <subfield code="c">165409</subfield>
    <subfield code="d">165409</subfield>
  </datafield>
  <datafield tag="952" ind1=" " ind2=" ">
    <subfield code="0">0</subfield>
    <subfield code="1">0</subfield>
    <subfield code="4">0</subfield>
    <subfield code="7">0</subfield>
    <subfield code="8">LIBXIX</subfield>
    <subfield code="a">ATENEOM</subfield>
    <subfield code="b">ATENEOM</subfield>
    <subfield code="c">DEPO2</subfield>
    <subfield code="d">2008-01-17</subfield>
    <subfield code="e">SSC</subfield>
    <subfield code="l">0</subfield>
    <subfield code="o">F-5418</subfield>
    <subfield code="p">1173454</subfield>
    <subfield code="r">2023-02-23 00:00:00</subfield>
    <subfield code="w">2023-02-23</subfield>
    <subfield code="y">MONANT</subfield>
  </datafield>
</record>
